000 00676nam a22001937a 4500
999 _c82494
_d82494
005 20230427130442.0
010 _aENG-109292
020 _a8172540086
_c200.00
020 _a9788172540081
_c200.00
035 _aEN-92825
037 _bDBAD/PUB
082 _a000
100 _aSubburaj, V.V.K.
245 _aBank clerks' common written exam (CWE) for recruitment in clerical cadre in 20 public sector banks conducted by IBPS /
_cby V.V.K. Subburaj
260 _aChennai
_bSura College of Competition
_c2013
270 _a1620, 'J' Block, 16th Main Road, Anna Nagar
_bChennai
_e600040
300 _avaroius pagings
_c25cm(pbk)
942 _2ddc
_cEN
_mSUB
_h000